000
00360nam a2200145Ia 4500
001
3909
008
241024s9999 xx 000 0 und d
020
_a
978-9945-465-37-2
082
_a
RD/863.97293/M385c
100
_a
J. Adalberto Martinez
245
0
_a
La Cotorra Marola
260
_b
Ediciones CP
_c
2013
901
_a
29/1/2015 10:51:06 a.m.
999
_c
7765
_d
7765